Statistics for Random Animated Silhouettes

Click here to take the quiz!

General Stats

  • This quiz has been taken 199 times
  • The average score is 3 of 24

Answers on the Map

Answers color-coded by a green-red scale on the quiz's map according to % correct below.
 

Answer Stats

Silhouette% Correct
Mickey
99%
Daffy
49%
Fred
31%
Bart
30%
Spongebob
29%
Road Runner
10%
Felix
8%
Yogi
8%
Dexter
3%
Arnold
1%
Betty Boop
1%
Casper
1%
Pink Panther
1%
Popeye
1%
Scooby-Doo
1%
Snoopy
1%
Stewie
1%
Taz
1%
Brain
0%
Bullwinkle
0%
Pinky
0%
Mighty Mouse
0%
Ren
0%
Stimpy
0%

Score Distribution

Percentile by Number Answered

Percent of People with Each Score

Your Score History

You have not taken this quiz